South African destabilization : the economic cost of frontline resistance to apartheid. (Record no. 76677)

MARC details
000 -LEADER
fixed length control field 01031nam a2200193 a 4500
008 - FIXED-LENGTH DATA ELEMENTS--GENERAL INFORMATION
fixed length control field 100226s1989 ||||||||||||||||| || u
050 ## - LIBRARY OF CONGRESS CALL NUMBER
Classification number UN-ECA(02)
110 ## - MAIN ENTRY--CORPORATE NAME
Corporate name or jurisdiction name as entry element United Nations Economic Commission For Africa(UNECA)
245 10 - TITLE STATEMENT
Title South African destabilization : the economic cost of frontline resistance to apartheid.
Statement of responsibility, etc. by United Nations Economic Commisssion for Africa (UN-ECA)
260 ## - PUBLICATION, DISTRIBUTION, ETC.
Place of publication, distribution, etc. New York :
Name of publisher, distributor, etc. UNITED NATIONS
Date of publication, distribution, etc. 1989
300 ## - PHYSICAL DESCRIPTION
Extent 9p. : ill.
350 ## -
-- 0.00
500 ## - GENERAL NOTE
General note PRESS SUMMARY EMBARGO
650 ## - SUBJECT ADDED ENTRY--TOPICAL TERM
Topical term or geographic name entry element APARTHEID--ECONOMIC ASPECTS--AFRICA, SOUTHERN
650 ## - SUBJECT ADDED ENTRY--TOPICAL TERM
Topical term or geographic name entry element AFRICA, SOUTHERN--ECONOMIC CONDITIONS
650 ## - SUBJECT ADDED ENTRY--TOPICAL TERM
Topical term or geographic name entry element AFRICA, SOUTHERN--FOREIGN RELATIONS--SOUTH AFRICA
995 ## -
-- SPECIAL COLLECTIONS
-- 0.00
-- 03005977
-- CBU-MAIN LIBRARY (Kitwe)
-- 1
-- 0.00
-- UN-ECA(02)1989/ 5A
-- 1
-- AVAILABLE
-- Feb 26, 2010
-- 03005977
-- International Publications
995 ## -
-- SPECIAL COLLECTIONS
-- 0.00
-- 03007509
-- CBU-MAIN LIBRARY (Kitwe)
-- 1
-- 0.00
-- UN-ECA(02)1989/ 5B
-- 2
-- AVAILABLE
-- Jan 26, 2011
-- 03007509
-- International Publications
999 ## -
-- 76677
-- 76677
Holdings
Withdrawn status Lost status Source of classification or shelving scheme Damaged status Not for loan Permanent Location Current Location Shelving location Date acquired Total Checkouts Full call number Barcode Date last seen Copy number Price effective from Koha item type
          CBU-MAIN LIBRARY, KITWE. CBU-MAIN LIBRARY, KITWE.   04/25/2023   UN-ECA(02)1989/5A 03005977 04/25/2023 1 04/25/2023 SPECIAL COLLECTION
          CBU-MAIN LIBRARY, KITWE. CBU-MAIN LIBRARY, KITWE.   04/25/2023   UN-ECA(02)1989/5B 03007509 04/25/2023 2 04/25/2023 SPECIAL COLLECTION